000 00540cam a2200145 4500500
005 20251017190119.0
041 _afre
042 _adc
100 1 0 _aKoller, Sylvie
_eauthor
245 0 0 _aSébastien Broca Pris dans la Toile De l’utopie d’Internet au capitalisme numérique. Seuil, « Liber », 2025, 288 pages, 23 €.
260 _c2025.
500 _a50
786 0 _nÉtudes | - | 10 | 2025-09-30 | p. 136-137 | 0014-1941
856 4 1 _uhttps://shs.cairn.info/revue-etudes-2025-10-page-136?lang=fr&redirect-ssocas=7080
999 _c1551301
_d1551301